Answers are Asian Countries - Statistics

General Stats
  • This quiz has been taken 1,808 times
  • The average score is 27 of 48
Answer Stats
Hint Answer % Correct
This country is the Holy Land for Christianity, Islam, and Judaism Israel
92%
This country currently owns the island of Okinawa Japan
89%
The capital of this country is Kabul Afghanistan
83%
The mouth of the Indus river is located in this country Pakistan
82%
The People's Republic of China Taiwan
80%
This is the largest landlocked country in the world Kazakhstan
78%
Formerly Burma Myanmar
77%
K-Pop is very popular in this country South Korea
76%
This country is home to the ancient site of Angkor Wat Cambodia
75%
The most polluted city in the world is located in this country India
75%
The Hanging Gardens of Babylon were supposedly built in this country Iraq
75%
This is the least densely populated country in Asia Mongolia
73%
This country's capital is Beirut Lebanon
72%
This country is home to the Terracotta Army China
71%
This country is home to the Ganges delta Bangladesh
70%
Petra is located here Jordan
70%
The Petronas Towers are located in this country Malaysia
70%
This country borders Azerbaijan and the Black Sea Georgia
68%
This is the fourth most populous country in the world Indonesia
68%
Iraq invaded this country in 1990 Kuwait
66%
Only one syllable country in Asia Laos
66%
The capital of this country borders the Caspian Sea Azerbaijan
63%
This country was split into north and south until 1975 Vietnam
63%
The only connection with this country and the mainland is the King Fahd causeway Bahrain
62%
The Makkah Royal Clock Tower Hotel was built here Saudi Arabia
60%
This is the only southeast Asian country that was never colonized by Europe Thailand
59%
One of the official languages of this country is Sinhala Sri Lanka
58%
The city of Aden is located in this country Yemen
56%
The only Asian Absolute Monarchy outside the Middle East Brunei
55%
This country became independent in 2002 East Timor
53%
The country has the lowest average elevation Maldives
49%
This country surrounds the Sea of Marmara Turkey
49%
This country is know for the palm islands United Arab Emirates
48%
Azeris are located in Azerbaijan and this country Iran
47%
This country was last in the world to receive television Bhutan
46%
Osh is a city on the silk road in this country Kyrgyzstan
40%
This is the world's only remaining Necrocracy North Korea
37%
This country is home to the Museum of Islamic Art Qatar
37%
The President of this country is Serzh Sargsyan Armenia
36%
This country has a Mt Olympus Cyprus
35%
A 7.8 magnitude earthquake struck this country in April 2015 Nepal
33%
This country use to be part of the U.A.R Syria
32%
This country is home to the Darvaza Crater Turkmenistan
31%
This country owns the Visayas Philippines
26%
This country owns the exclave of Madha Oman
24%
This country is home to the Fann mountains Tajikistan
23%
This country has the dialing code of 65 Singapore
22%
This country grows the second most turnips and carrots in the world. Uzbekistan
18%
No matching quizzes found
Score Distribution
Percent of People with Each Score
Percentile by Number Answered
Your Score History
You have not taken this quiz